Statistiken für Provinzen im Königreich Preußen 1914

Klicken Sie hier um das Quiz zu spielen!

Allgemein

  • Dieses Quiz wurde 255 mal gespielt
  • Das Durchschnittsergebnis liegt bei 10 aus 14

Antwortstatistiken

BezeichnungAntwort% Korrekt
Provinzfreie StadtBerlin
87%
ProvinzBrandenburg
87%
ProvinzOstpreußen
87%
ProvinzPommern
86%
ProvinzSchlesien
86%
ProvinzWestpreußen
76%
ProvinzHannover
75%
ProvinzRheinprovinz
74%
ProvinzSachsen
69%
ProvinzPosen
63%
ProvinzWestfalen
62%
ProvinzSchleswig-Holstein
52%
Autonomer RegierungsbezirkHohenzollernsche Lande
37%
ProvinzHessen-Nassau
30%

Verteilung der Resultate

Perzentil nach korrekt beantworteten Fragen

Anzahl Personen mit jedem Resultat

Ihre Resultats-Entwicklung

Sie haben dieses Quiz noch nicht gespielt